| 000 | 00647nam a22002177a 4500 | ||
|---|---|---|---|
| 005 | 20170124110054.0 | ||
| 010 | _aA-169853 | ||
| 020 | _c20.00 | ||
| 035 | _aA-169853 | ||
| 037 | _bCen Lib/Ret | ||
| 040 |
_aDPL _bEN |
||
| 082 |
_a658 _bMAH |
||
| 100 |
_aMaheshwari, S.N. _98132 |
||
| 245 |
_aGeneral commercial knowledge / _cby S.N. Maheshwari |
||
| 260 |
_aNew Delhi _bAllied Publishers _c1983 |
||
| 270 |
_a13/14, asaf ali road _bNew Delhi _e110002 |
||
| 300 |
_aviii, 206p. _c20cm(Hb) |
||
| 650 |
_aChartered accountancy _xElementary knowledge _925981 |
||
| 650 |
_aBusiness _98513 |
||
| 942 |
_2ddc _cEN _h658 _mMAH |
||
| 999 |
_c129305 _d129305 |
||